| 000 | 00625nam a2200169 i 4500 | ||
|---|---|---|---|
| 001 | 102076 | ||
| 003 | ES-MaACL | ||
| 005 | 20230906183036.0 | ||
| 007 | t| | ||
| 008 | 051103s1933 sp ||||1| spa d | ||
| 110 | 2 |
_aSociedad de Estudios Vascos. _96671 |
|
| 245 | 1 | 0 |
_aSociedad de Estudios Vascos 1930-1937 _b: memoria de la Sociedad : estado de caja, títulos y cargos, lista de socios, biblioteca, publicaciones. |
| 260 |
_aSan Sebastián : _b[s.n.], _c1933 ( _fImp. de la Diputación de Guipúzcoa) |
||
| 300 |
_a70 p., 5 h. ; _c23 cm. |
||
| 500 | _aPrecede al tít.: Eusko-Ykaskuntza. | ||
| 852 |
_aES-MaACL _j1779-F-21 |
||
| 999 |
_c102076 _d102076 |
||